[Event "36th Olympiad w"]
[Site "Calvia ESP"]
[Date "2004.10.19"]
[Round "5"]
[White "Cmilyte,V"]
[Black "Zapata,K"]
[Result "1-0"]
[WhiteElo "2442"]
[BlackElo "2162"]
[EventDate "2004.10.15"]

1. d4 d5 2. c4 c6 3. Nc3 Nf6 4. e3 dxc4 5. Bxc4 b5 6. Bd3 Bb7 7. Nf3 Nbd7
8. O-O e6 9. e4 Nb6 10. a3 a6 11. e5 Nfd5 12. Ne4 Qc7 13. Bd2 Be7 14. Qe2
Na4 15. b3 Nab6 16. Nfg5 h6 17. Qh5 g6 18. Qh3 c5 19. dxc5 Bxc5 20. Rac1
Nd7 21. Nxe6 fxe6 22. Qxe6+ Kd8 23. Nxc5 Nxc5 24. Rxc5 Qxc5 25. Ba5+ Nc7
26. Bxg6 Qd5 27. Qf6+ Kd7 28. Qg7+ 1-0

[Event "36th Olympiad w"]
[Site "Calvia ESP"]
[Date "2004.10.19"]
[Round "5"]
[White "Calle,M"]
[Black "Ciuksyte,D"]
[Result "0-1"]
[WhiteElo "2111"]
[BlackElo "2361"]
[EventDate "2004.10.15"]

1. Nf3 Nf6 2. g3 b6 3. Bg2 Bb7 4. O-O c5 5. b3 e6 6. Bb2 Be7 7. d3 O-O 8.
e4 d6 9. Nbd2 Nc6 10. Re1 Nd7 11. Nc4 b5 12. Ne3 Bf6 13. Bxf6 Qxf6 14. Qd2
Nd4 15. Nxd4 cxd4 16. e5 dxe3 17. fxe3 Nxe5 18. Bxb7 Rad8 19. Rf1 Qh6 20.
Bh1 Rc8 21. Rae1 b4 22. Rf4 a5 23. Rh4 Qg5 24. Rf1 Rc3 25. Be4 f5 26. Bg2
Ng4 27. Rxg4 Qxg4 28. Bf3 Qg5 29. Bd1 e5 30. Qf2 d5 31. Qf3 e4 32. Qf2 exd3
33. cxd3 Rxd3 34. Bc2 Rxe3 35. Bxf5 Rf6 36. Qc2 g6 37. Qc8+ Kg7 38. Bh3
Rxf1+ 39. Bxf1 Re7 0-1

[Event "36th Olympiad w"]
[Site "Calvia ESP"]
[Date "2004.10.19"]
[Round "5"]
[White "Batyte,D"]
[Black "Aliaga Fernandez,I"]
[Result "1/2-1/2"]
[WhiteElo "2130"]
[BlackElo "2141"]
[EventDate "2004.10.15"]

1. e4 c5 2. Nf3 d6 3. d4 cxd4 4. Nxd4 Nf6 5. Nc3 a6 6. Bc4 e6 7. a3 Be7 8.
Ba2 Nc6 9. f4 O-O 10. Be3 Qc7 11. O-O b5 12. f5 Nxd4 13. Bxd4 Qc6 14. Qf3
a5 15. fxe6 Bxe6 16. Nd5 Bxd5 17. exd5 Qd7 18. Rae1 Bd8 19. c3 Rb8 20. Kh1
Qg4 21. Qd3 Qg6 22. Rf5 Ng4 23. Bb1 Nh6 24. Rf3 Qxd3 25. Bxd3 Bb6 26. Bxb6
Rxb6 27. h3 Rb7 28. g4 f6 29. Re6 Nf7 30. Rfe3 Rb6 31. Re7 Ne5 32. Bf5 Kh8
33. b3 Ra8 34. Bd3 Kg8 35. Rc7 Kh8 36. Kg2 Kg8 37. Kg3 a4 38. b4 Rab8 39.
Bf5 R6b7 40. Rxb7 Rxb7 41. Bd3 g6 42. Be2 Kf7 43. Kf2 Rb8 44. Ke1 Rb7 45.
Kd2 Rb8 46. Re4 f5 47. gxf5 gxf5 48. Rh4 Kg6 49. c4 Nxc4+ 50. Bxc4 bxc4 51.
Rxc4 Rb5 52. Rd4 Kf6 53. Kc3 Ke5 54. Kc4 Rb7 55. Rh4 f4 56. Kd3 f3 57. Ke3
Rf7 58. Rh5+ Kf6 59. Kf2 Kg6 60. Rh4 Kf5 61. Kxf3 Ke5+ 62. Ke3 Kxd5 63.
Rh5+ Kc4 64. Rh6 Rd7 65. Kd2 Kb3 66. b5 Kxa3 67. Kc3 Ka2 68. b6 a3 69. Re6
d5 70. Re2+ Kb1 71. Kb3 Kc1 72. Rc2+ Kb1 73. Rd2 Kc1 74. Rd4 Rb7 75. Rb4 d4
76. Rc4+ Kb1 77. Rxd4 Rxb6+ 78. Kxa3 Kc2 1/2-1/2

[Event "36th Olympiad w"]
[Site "Calvia ESP"]
[Date "2004.10.19"]
[Round "5"]
[White "Ortiz,Na"]
[Black "Mamedjarova,Z"]
[Result "1-0"]
[WhiteElo "2148"]
[BlackElo "2349"]
[EventDate "2004.10.15"]

1. e4 d5 2. exd5 Nf6 3. Bb5+ Nbd7 4. Nf3 Nxd5 5. d4 c6 6. Be2 g6 7. O-O Bg7
8. c4 N5b6 9. Nc3 O-O 10. Bf4 Nf6 11. h3 Be6 12. b3 Qc8 13. Qd2 Rd8 14.
Rad1 Bf5 15. Qc1 h5 16. Rfe1 Qd7 17. Bf1 Nc8 18. Qe3 Qe6 19. Qc1 Qd7 20.
Qe3 Bf8 21. Ne5 Qe8 22. f3 Nd6 23. g4 hxg4 24. hxg4 Bd7 25. Bd3 Bg7 26. Kg2
b5 27. Rh1 bxc4 28. bxc4 Rab8 29. Rh4 Rb2+ 30. Kg3 Qf8 31. Rdh1 Be8 32. Qc1
Rdb8 33. Qf1 Nh5+ 34. gxh5 g5 35. Bxg5 f6 36. Bc1 fxe5 37. h6 Bf6 38. h7+
Kh8 39. Rg4 Bf7 40. Qh3 Bg7 41. Bxb2 Rxb2 42. Qh4 Bxc4 43. Be4 Be6 44. Rg6
Bf5 45. Qg5 Nxe4+ 46. Nxe4 Bxe4 47. fxe4 Qf2+ 48. Kg4 Qg2+ 49. Kf5 Rf2+ 50.
Ke6 Rf6+ 51. Qxf6 Qxa2+ 52. Kxe7 Bxf6+ 53. Kxf6 1-0

[Event "36th Olympiad w"]
[Site "Calvia ESP"]
[Date "2004.10.19"]
[Round "5"]
[White "Velikhanli,F"]
[Black "Palao,M"]
[Result "1-0"]
[WhiteElo "2322"]
[BlackElo "2128"]
[EventDate "2004.10.15"]

1. e4 c5 2. Nf3 g6 3. c3 Bg7 4. d4 cxd4 5. cxd4 d5 6. e5 Nc6 7. h3 Nh6 8.
Bb5 O-O 9. Bxc6 bxc6 10. O-O f6 11. Re1 Qb6 12. exf6 exf6 13. Nc3 Nf5 14.
Na4 Qd8 15. b3 Bd7 16. Ba3 Re8 17. Rxe8+ Qxe8 18. Qd2 Bh6 19. Qa5 Qd8 20.
Qxd8+ Rxd8 21. g4 Ng7 22. Be7 Re8 23. Bxf6 Rf8 24. Bxg7 Bxg7 25. Ne5 Be8
26. Nc5 Rf4 27. Rd1 Bxe5 28. dxe5 Kf7 29. Kg2 g5 30. Kg3 Ke7 31. h4 h6 32.
hxg5 hxg5 33. Rh1 Bg6 34. Rh8 Be4 35. Nxe4 Rxe4 36. Rh7+ Ke6 37. Rh6+ Ke7
38. Rh7+ Ke6 39. Rc7 Kxe5 40. Rxc6 d4 41. Rc5+ Kd6 42. Rc2 Kd5 43. Kf3 Rf4+
44. Ke2 Rxg4 45. Rc7 a6 46. Ra7 Re4+ 47. Kd3 Rf4 48. Rxa6 Rxf2 49. Ra5+ Kc6
50. Kxd4 g4 51. a4 Rf4+ 52. Kc3 Rf3+ 53. Kb4 Rf4+ 54. Ka3 Kb6 55. Rg5 Re4
56. a5+ Ka6 57. b4 Re3+ 58. Ka4 g3 59. Rg7 Re4 60. Rg6+ Ka7 61. Rxg3 Rh4
62. Rg6 Rf4 63. a6 Rf1 64. Ka5 Ra1+ 65. Kb5 Rh1 66. Rg7+ Ka8 67. Ka5 Rh6
68. b5 Rh5 69. Rd7 Rg5 70. Kb6 Rg6+ 71. Kc5 Rg8 72. Kc6 Rh8 73. b6 Rg8 74.
b7+ Kb8 75. Rd6 Rh8 76. Kb6 1-0

[Event "36th Olympiad w"]
[Site "Calvia ESP"]
[Date "2004.10.19"]
[Round "5"]
[White "Chirivi,Y"]
[Black "Shukurova,M"]
[Result "0-1"]
[WhiteElo "2070"]
[BlackElo "2281"]
[EventDate "2004.10.15"]

1. d4 Nf6 2. c4 g6 3. Nc3 d5 4. Qb3 dxc4 5. Qxc4 Bg7 6. Nf3 O-O 7. Bf4 c6
8. e4 b5 9. Qd3 b4 10. Ne2 Ba6 11. Qc2 Qb6 12. Ng3 Nfd7 13. Bxa6 Nxa6 14.
Be3 Qb5 15. Qe2 Qa5 16. O-O c5 17. Rfd1 Rac8 18. dxc5 Naxc5 19. a3 b3 20.
Bd4 Rfd8 21. Bxg7 Kxg7 22. Rac1 Qb6 23. Nf1 Qb7 24. Rc4 a5 25. Rdc1 Ne6 26.
Qe1 Rxc4 27. Rxc4 Qb5 28. Qc3+ Kg8 29. Nd4 Qb6 30. Nxe6 Qxe6 31. Qxb3 Nc5
32. Qb5 Nxe4 33. Qxa5 Rd5 34. Qa8+ Kg7 35. Ne3 Rd1+ 36. Nxd1 Qxc4 37. Qd8
Qe2 38. Qd4+ Kg8 39. g3 Nd2 40. Qd8+ Kg7 41. Ne3 Nf3+ 42. Kg2 Ne1+ 43. Kg1
Nd3 44. Qxe7 Qxf2+ 45. Kh1 Qf3+ 46. Kg1 h5 47. b4 Nc1 48. Qe5+ Kh7 49. h4
Ne2+ 50. Kh2 Qf2+ 0-1

[Event "36th Olympiad w"]
[Site "Calvia ESP"]
[Date "2004.10.19"]
[Round "5"]
[White "Siti,Z"]
[Black "Macek,V"]
[Result "1-0"]
[WhiteElo "2162"]
[BlackElo "2230"]
[EventDate "2004.10.15"]

1. e4 e6 2. d4 d5 3. Nd2 Nf6 4. e5 Nfd7 5. f4 c5 6. c3 Nc6 7. Ndf3 cxd4 8.
cxd4 a5 9. Bd3 Nb6 10. Ne2 a4 11. O-O Nb4 12. Bb1 g6 13. Nc3 Bd7 14. Kh1
Be7 15. a3 Nc6 16. Bc2 h5 17. Rb1 Nb8 18. Ne1 Kf8 19. Nd3 Qc7 20. Rf3 Kg7
21. Rh3 Nc4 22. f5 exf5 23. Nxd5 Qd8 24. Nxe7 Qxe7 25. Nf4 b5 26. Nd5 Qd8
27. Nf6 Qb6 28. Bg5 Qb7 29. Nxh5+ Kf8 30. Nf4 Rxh3 31. Nxh3 Bc6 32. Qe2 Qd7
33. Bf6 Na6 34. Qf2 Ke8 35. Nf4 Nc7 36. Qh4 Ne6 37. Qh8+ Nf8 38. Bg7 Ke7
39. Qh4+ Ke8 40. Bxf8 Kxf8 41. Qh8+ Ke7 42. Qf6+ Ke8 43. e6 fxe6 44. Re1
1-0

[Event "36th Olympiad w"]
[Site "Calvia ESP"]
[Date "2004.10.19"]
[Round "5"]
[White "Jelica,M"]
[Black "Nur Shazwani,Z"]
[Result "1-0"]
[WhiteElo "2252"]
[BlackElo "2062"]
[EventDate "2004.10.15"]

1. e4 e6 2. d4 d5 3. Nd2 Nf6 4. e5 Nfd7 5. f4 c5 6. c3 Nc6 7. Ndf3 a6 8.
Ne2 b5 9. dxc5 Nxc5 10. Ned4 Qc7 11. Be2 Be7 12. O-O h6 13. Nxc6 Qxc6 14.
Nd4 Qc7 15. f5 Bd7 16. fxe6 Nxe6 17. Nxe6 Bxe6 18. a4 O-O 19. Kh1 b4 20.
cxb4 Bxb4 21. Bf4 Rfd8 22. Bd3 Qd7 23. a5 d4 24. Qe2 Bf8 25. Qe4 g6 26. Qe2
Bg7 27. b4 Rab8 28. Rab1 Qe7 29. Qd2 Qa7 30. Bxh6 Bxe5 31. Qg5 Bg7 32. Bxg7
Kxg7 33. Qf6+ Kg8 34. Rf4 Rd5 35. Bxg6 Qd7 36. Rh4 1-0

[Event "36th Olympiad w"]
[Site "Calvia ESP"]
[Date "2004.10.19"]
[Round "5"]
[White "Wan Khye Theng"]
[Black "Sargac,R"]
[Result "0-1"]
[WhiteElo "1898"]
[BlackElo "2241"]
[EventDate "2004.10.15"]

1. e4 c5 2. Nc3 Nc6 3. g3 g6 4. Bg2 Bg7 5. d3 d6 6. Be3 e6 7. Qd2 Nge7 8.
Bh6 Bxh6 9. Qxh6 Nd4 10. Qd2 Nec6 11. Nce2 e5 12. c3 Ne6 13. f4 exf4 14.
Nxf4 Nxf4 15. Qxf4 Ne5 16. Qd2 Qb6 17. Nf3 Qxb2 18. Nxe5 Qxd2+ 19. Kxd2
dxe5 20. Rhf1 Be6 21. Ke3 O-O-O 22. a4 Rd6 23. Rfd1 Rhd8 24. Bf3 Rb6 25.
Rdb1 Rbd6 26. Rd1 Bb3 27. Rd2 Ra6 28. Bd1 Be6 29. Rb2 Rad6 30. Rd2 f5 31.
Bf3 Rf8 32. Rb1 b6 33. a5 f4+ 34. Ke2 g5 35. axb6 axb6 36. Ra1 Kb7 37. g4
Rfd8 38. Rb1 Bc4 39. Rbd1 Bb5 40. c4 Bd7 41. Ra1 Be6 42. Rdd1 h5 43. h3
hxg4 44. hxg4 R6d7 45. Rab1 Rh7 46. Rh1 Rdh8 47. Rxh7+ Rxh7 48. Rf1 Rh4 49.
Rg1 Rh2+ 50. Ke1 Ka6 51. Be2 Ka5 52. Kd2 Bd7 53. Ke1 Kb4 54. Bf3 Ra2 55.
Be2 Ra1+ 56. Kf2 Rxg1 57. Kxg1 Kc3 58. Kf2 Ba4 0-1

[Event "36th Olympiad w"]
[Site "Calvia ESP"]
[Date "2004.10.19"]
[Round "5"]
[White "Bashkite,V"]
[Black "Lomibao,S"]
[Result "1/2-1/2"]
[WhiteElo "2206"]
[BlackElo "2089"]
[EventDate "2004.10.15"]

1. Nf3 Nf6 2. g3 d5 3. Bg2 c5 4. O-O Nc6 5. d4 Bf5 6. dxc5 e6 7. c4 Bxc5 8.
cxd5 Nxd5 9. Nh4 Bxb1 10. Rxb1 O-O 11. a3 Be7 12. Qb3 Bxh4 13. gxh4 Qxh4
14. Rd1 Ne5 15. h3 Rad8 16. Bxd5 exd5 17. Rxd5 Qe4 18. Rxd8 Rxd8 19. Ra1
Qxe2 20. Bf4 Nf3+ 21. Kg2 Nh4+ 22. Kg1 b6 23. Rc1 h6 24. Qg3 Nf3+ 25. Kg2
Rd3 26. Qg4 Qe4 27. Be3 Nh4+ 28. Kh2 Nf3+ 29. Kg2 Nh4+ 30. Kh2 Nf3+ 1/2-1/2

[Event "36th Olympiad w"]
[Site "Calvia ESP"]
[Date "2004.10.19"]
[Round "5"]
[White "Mendoza,B"]
[Black "Piarnpuu,L"]
[Result "1/2-1/2"]
[WhiteElo "2131"]
[BlackElo "2227"]
[EventDate "2004.10.15"]

1. e4 c5 2. Nc3 Nc6 3. g3 g6 4. Bg2 Bg7 5. d3 d6 6. f4 e6 7. Nf3 Nge7 8.
Be3 O-O 9. O-O b6 10. d4 Bb7 11. Qd2 Na5 12. b3 cxd4 13. Bxd4 e5 14. Be3
exf4 15. gxf4 d5 16. e5 Qd7 17. Nd4 Nac6 18. Nce2 Nxd4 19. Nxd4 Rad8 20.
Rad1 Bc8 21. Qf2 Qc7 22. Nb5 Qb8 23. a4 Be6 24. a5 a6 25. Nc3 bxa5 26. Bb6
Rc8 27. Na4 Qb7 28. Rd2 1/2-1/2

[Event "36th Olympiad w"]
[Site "Calvia ESP"]
[Date "2004.10.19"]
[Round "5"]
[White "Blazkova,P"]
[Black "Konara,H"]
[Result "1-0"]
[WhiteElo "2214"]
[BlackElo "1911"]
[EventDate "2004.10.15"]

1. e4 e5 2. f4 d6 3. Nf3 Nc6 4. Bb5 Bg4 5. O-O Nf6 6. d4 Nxe4 7. d5 a6 8.
dxc6 axb5 9. cxb7 Rb8 10. Qd5 Nc5 11. fxe5 Be6 12. Qd1 Nxb7 13. Ng5 Bc4 14.
Qf3 Qd7 15. Rd1 h6 16. e6 Bxe6 17. Nxe6 Qxe6 18. Nc3 Qd7 19. Re1+ Kd8 20.
Be3 Na5 21. a4 bxa4 22. Rxa4 Nc6 23. Rea1 Ne5 24. Qd5 Qc6 25. Ra8 Rxa8 26.
Rxa8+ Kd7 27. Qa5 Nc4 28. Qf5+ Ke7 29. Nd5+ 1-0

[Event "36th Olympiad w"]
[Site "Calvia ESP"]
[Date "2004.10.19"]
[Round "5"]
[White "Mongontuul,B"]
[Black "Hagesaether,E"]
[Result "1-0"]
[WhiteElo "2345"]
[BlackElo "2188"]
[EventDate "2004.10.15"]

1. e4 d6 2. d4 Nf6 3. Nc3 g6 4. f4 Bg7 5. Nf3 c5 6. dxc5 Qa5 7. Bd3 Qxc5 8.
Qe2 O-O 9. Be3 Qa5 10. O-O Bg4 11. h3 Bxf3 12. Qxf3 Nc6 13. Kh1 a6 14. a3
Nd7 15. Bd2 e6 16. Rad1 Qc7 17. f5 Nce5 18. Qg3 Nf6 19. Qh4 d5 20. Bg5 Nxe4
21. Bxe4 dxe4 22. f6 Bh8 23. Bf4 Qa5 24. Nxe4 Nc4 25. Qh6 Qh5 26. Qxh5 gxh5
27. b3 Nb6 28. Bh6 Rfd8 29. Rxd8+ Rxd8 30. Rf3 Bxf6 31. Nxf6+ Kh8 32. Rg3
1-0

[Event "36th Olympiad w"]
[Site "Calvia ESP"]
[Date "2004.10.19"]
[Round "5"]
[White "Bjerke,S"]
[Black "Batceceg,T"]
[Result "0-1"]
[WhiteElo "2142"]
[BlackElo "2209"]
[EventDate "2004.10.15"]

1. d4 Nf6 2. c4 c5 3. d5 b5 4. cxb5 a6 5. bxa6 g6 6. Nc3 Bxa6 7. e4 Bxf1 8.
Kxf1 d6 9. g3 Bg7 10. Kg2 O-O 11. Nf3 Nbd7 12. Re1 Ra6 13. Qe2 Qa8 14. Bg5
Rb8 15. Rac1 h6 16. Bxf6 Bxf6 17. Qd2 Kh7 18. Rc2 Qb7 19. Qe2 Rba8 20. h4
Qb4 21. g4 Bg7 22. Nd2 Qb7 23. Nc4 Nb6 24. Ne3 Na4 25. Nxa4 Rxa4 26. a3
Rxe4 27. Qf3 Rd4 28. Rce2 Raa4 29. b3 Qxb3 30. Qxf7 Rxg4+ 31. Kf1 Rxh4 32.
Qxe7 Rag4 33. f3 Rh1+ 34. Kf2 Rh2+ 35. Kf1 Rxe2 36. fxg4 Rxe1+ 37. Kxe1
Qxa3 38. Kf2 Qb2+ 39. Kf3 Qf6+ 40. Qxf6 Bxf6 41. Nc4 Be7 42. Kf4 Kg7 43.
Ke4 Kf7 44. Kf4 Ke8 45. Ke4 Kd7 46. Ne3 Kc7 47. Kd3 Kb6 48. Kc4 Ka5 49. Ng2
h5 50. gxh5 gxh5 51. Nf4 h4 52. Nh3 Bf6 53. Nf2 Bd4 54. Nh3 Ka4 55. Nf4 Be5
56. Nh3 Ka3 57. Nf2 Bd4 58. Ne4 h3 59. Ng3 Kb2 60. Kd3 Be5 61. Nh1 Kb3 0-1

[Event "36th Olympiad w"]
[Site "Calvia ESP"]
[Date "2004.10.19"]
[Round "5"]
[White "Enhjargal,E"]
[Black "Berntsen,S"]
[Result "1/2-1/2"]
[WhiteElo "2163"]
[BlackElo "2118"]
[EventDate "2004.10.15"]

1. d4 d5 2. c4 c6 3. Nc3 Nf6 4. Nf3 dxc4 5. a4 Bf5 6. e3 e6 7. Bxc4 Bb4 8.
Qb3 a5 9. O-O Qc7 10. h3 Nbd7 11. Nh4 Bg6 12. Na2 Be7 13. Nf3 Nb6 14. Be2
O-O 15. Nc3 h6 16. Bd2 Nbd5 17. Ne5 Bh7 18. Rac1 Nb4 19. Na2 Ne4 20. Rfd1
Nxa2 21. Qxa2 Bd6 22. Nf3 Qe7 23. Bd3 Nxd2 24. Bxh7+ Kxh7 25. Rxd2 Rad8 26.
Rdc2 Bb4 27. Qc4 Rd5 28. Qe2 Rfd8 29. Qc4 Qf6 30. Qd3+ Kg8 31. Qe4 Qf5 32.
Qxf5 exf5 33. Kf1 Re8 34. Re2 f6 35. Ne1 Bd6 36. Nd3 f4 37. Rd1 fxe3 38.
fxe3 Kf7 39. Ke1 Rd8 40. Red2 Bg3+ 41. Ke2 Re8 42. Kf3 Bd6 43. Nf4 Bxf4 44.
Kxf4 g5+ 45. Kf3 Rf5+ 46. Ke2 h5 47. Rd3 g4 48. Rb3 Re7 49. hxg4 hxg4 50.
Rf1 Rxf1 51. Kxf1 Ke6 52. Kf2 Kd5 53. Rc3 b6 54. Rb3 c5 55. Rxb6 cxd4 56.
Rb5+ Ke4 57. exd4 Rd7 58. Rxa5 Rxd4 59. Ra6 f5 60. Re6+ Kf4 61. g3+ Kg5 62.
a5 Rd2+ 63. Re2 Rd4 64. b3 f4 65. gxf4+ Kxf4 66. a6 Rd6 67. Ra2 Rd8 68. a7
Ra8 69. Ra5 Ke4 70. Kg3 Kd4 71. Kxg4 Kc3 72. Kf5 Kxb3 73. Ke6 Kb4 74. Ra1
Kc5 75. Kd7 Kb6 76. Kd6 Rxa7 77. Rb1+ Ka5 78. Ra1+ Kb6 79. Rxa7 Kxa7
1/2-1/2

[Event "36th Olympiad w"]
[Site "Calvia ESP"]
[Date "2004.10.19"]
[Round "5"]
[White "Berend,E"]
[Black "Fierro Baquero,M"]
[Result "1/2-1/2"]
[WhiteElo "2307"]
[BlackElo "2333"]
[EventDate "2004.10.15"]

1. e4 g6 2. d4 Bg7 3. Nc3 c6 4. Nf3 d6 5. Be3 Nf6 6. h3 Qa5 7. Bd3 e5 8.
O-O O-O 9. Qd2 Nbd7 10. Rad1 Re8 11. Rfe1 b5 12. a3 Bb7 13. Bh6 Nf8 14. Bf1
a6 15. Bxg7 Kxg7 16. dxe5 dxe5 17. Qe3 Qc7 18. a4 Ne6 19. axb5 axb5 20. b3
b4 21. Ne2 c5 22. Ng3 h5 23. c3 Ra2 24. cxb4 cxb4 25. Bb5 Rd8 26. Rxd8 Nxd8
27. Bc4 Nc6 28. Rd1 Na5 29. Bd5 Rc2 30. Bxb7 Nxb7 31. Nh4 Ng8 32. Ne2 Nc5
33. Rd2 Nxb3 34. Rxc2 Qxc2 35. Nf3 Nc5 36. Nxe5 b3 37. Qc3 Nxe4 38. Qxc2
bxc2 39. Nd3 Ngf6 40. Nd4 Kf8 41. Nxc2 1/2-1/2

[Event "36th Olympiad w"]
[Site "Calvia ESP"]
[Date "2004.10.19"]
[Round "5"]
[White "Vasquez Ramirez,R"]
[Black "Bakalarz,G"]
[Result "1-0"]
[WhiteElo "2257"]
[BlackElo "2035"]
[EventDate "2004.10.15"]

1. e4 c5 2. Nf3 e6 3. g3 Nc6 4. Bg2 Nf6 5. d3 d5 6. Qe2 Be7 7. O-O Qc7 8.
e5 Nd7 9. Re1 b6 10. a4 Bb7 11. Na3 a6 12. Bd2 h6 13. Rab1 g5 14. h3 O-O-O
15. c3 Rdg8 16. g4 h5 17. b4 hxg4 18. hxg4 Nd8 19. d4 c4 20. Nc2 Nf8 21. b5
a5 22. Ne3 Ng6 23. Nf1 Nf4 24. Bxf4 gxf4 25. N1h2 f6 26. Qd2 fxe5 27. Nxe5
Rxh2 28. Kxh2 f3 29. Bxf3 Bg5 30. Qc2 Rf8 31. Kg2 Qg7 32. Qg6 Qxg6 33. Nxg6
Rg8 34. Ne5 Bd2 35. Red1 Bxc3 36. Rbc1 Bb4 37. Rh1 Bd2 38. Rc2 Bf4 39. Rh5
Bxe5 40. Rxe5 Kc7 41. Bd1 Bc8 42. f4 Nf7 43. Rh5 Rg7 44. Kf2 Nd6 45. Ke3
Bd7 46. Rch2 Ne4 47. Rh7 Rg8 48. Rh8 Rg6 49. R2h6 Rg7 50. R8h7 Rg8 51. Rxe6
Nc3 52. Bc2 Kc8 53. Bf5 Rf8 54. Rc6+ 1-0

[Event "36th Olympiad w"]
[Site "Calvia ESP"]
[Date "2004.10.19"]
[Round "5"]
[White "Steil Antoni,F"]
[Black "Rojas,Je"]
[Result "1-0"]
[WhiteElo "1936"]
[BlackElo "2082"]
[EventDate "2004.10.15"]

1. e4 c5 2. Nc3 e6 3. f4 d6 4. Nf3 Nf6 5. Bc4 a6 6. a3 Be7 7. d3 O-O 8. O-O
b5 9. Ba2 Nc6 10. Bd2 Qc7 11. Qe2 Bd7 12. Rae1 Nd4 13. Qd1 Rfc8 14. Ne2
Nxf3+ 15. Rxf3 a5 16. c4 b4 17. a4 Bc6 18. b3 d5 19. cxd5 exd5 20. e5 Ne8
21. Rff1 d4 22. Ng3 Bb7 23. Qe2 Ra6 24. Ne4 h6 25. Rc1 Qb8 26. Be1 f5 27.
Ng3 g6 28. Bb1 Nc7 29. Bd2 Kg7 30. Bc2 Nd5 31. Qf2 Bh4 32. Nxf5+ gxf5 33.
Qxh4 Rg6 34. Rf2 Qc7 35. Bd1 Kh7 36. Bh5 Rg7 37. Qh3 Qd7 38. Bf3 Qe6 39.
Kf1 Rcc7 40. g4 fxg4 41. Be4+ Kg8 42. Qh5 Ne3+ 43. Bxe3 Bxe4 44. dxe4 dxe3
45. Rfc2 Qxb3 46. Qxh6 Qd3+ 47. Ke1 Qxe4 48. Qe6+ Kh7 49. Rc4 Qh1+ 50. Ke2
Qf3+ 51. Kd3 Rcd7+ 52. Kc2 Rd2+ 53. Kb1 Rxh2 54. Qf5+ Kg8 55. Rxc5 Rb2+ 56.
Kxb2 Qe2+ 57. R1c2 Rf7 58. Qg6+ 1-0

[Event "36th Olympiad w"]
[Site "Calvia ESP"]
[Date "2004.10.19"]
[Round "5"]
[White "Pintor,A"]
[Black "Tilenbaeva,J"]
[Result "1-0"]
[WhiteElo "2058"]
[BlackElo "2080"]
[EventDate "2004.10.15"]

1. e4 c6 2. d4 d5 3. Nc3 dxe4 4. Nxe4 Bf5 5. Ng3 Bg6 6. h4 h6 7. Nf3 Nd7 8.
h5 Bh7 9. Bd3 Bxd3 10. Qxd3 Qc7 11. Bd2 e6 12. O-O-O Ngf6 13. Kb1 O-O-O 14.
Ne4 Nxe4 15. Qxe4 Nf6 16. Qe2 Bd6 17. c4 c5 18. Bc3 Rhe8 19. Ne5 cxd4 20.
Bxd4 Bxe5 21. Bxe5 Qc6 22. Bxf6 gxf6 23. Qe3 Qxg2 24. Rdg1 Qc6 25. Qxh6 Qf3
26. Qe3 Qf5+ 27. Ka1 Rd3 28. Qxa7 Red8 29. h6 Qh7 30. Qa8+ Kc7 31. Qa4 Rd2
32. a3 Qe4 33. h7 Qe5 34. Qb4 R2d3 35. Rb1 1-0

[Event "36th Olympiad w"]
[Site "Calvia ESP"]
[Date "2004.10.19"]
[Round "5"]
[White "Ribeiro,Re"]
[Black "Mouradian,K"]
[Result "0-1"]
[WhiteElo "2076"]
[BlackElo "2119"]
[EventDate "2004.10.15"]

1. c4 e5 2. g3 Nf6 3. Bg2 c6 4. Nc3 d5 5. d4 exd4 6. Qxd4 Be6 7. Bg5 dxc4
8. Qxd8+ Kxd8 9. Nf3 Be7 10. Nd4 Nd5 11. Nxe6+ fxe6 12. Bd2 Nd7 13. Bh3 Nc5
14. O-O Bf6 15. Rfd1 Kc7 16. Nxd5+ exd5 17. Bf4+ Kd8 18. Rac1 Ke7 19. Rc2
Ne6 20. Bc1 Rad8 21. Kf1 Kf7 22. f4 g6 23. Bg4 Rhg8 24. h4 Nd4 25. Rcd2 Nf5
26. Bxf5 gxf5 27. Kf2 Rg4 28. h5 h6 29. e3 b5 30. Rc2 a5 31. Kf3 b4 32. b3
c3 33. Kg2 c5 0-1

[Event "36th Olympiad w"]
[Site "Calvia ESP"]
[Date "2004.10.19"]
[Round "5"]
[White "Nekrasova,E"]
[Black "Chaves,Joa"]
[Result "1-0"]
[WhiteElo "2107"]
[BlackElo "2046"]
[EventDate "2004.10.15"]

1. e4 e5 2. Nf3 Nc6 3. Bb5 a6 4. Ba4 Nf6 5. O-O Be7 6. Re1 b5 7. Bb3 d6 8.
c3 O-O 9. h3 Na5 10. Bc2 c5 11. d4 Nd7 12. Nbd2 cxd4 13. cxd4 Nc6 14. a4 b4
15. Nc4 Nb6 16. Nxb6 Qxb6 17. Be3 Qd8 18. Rc1 Bd7 19. Bb3 Bf6 20. Qd3 Qe7
21. Red1 Rfd8 22. Bd5 Qe8 23. dxe5 dxe5 24. Bb6 Rdc8 25. Bxf7+ Qxf7 26.
Qxd7 Qxd7 27. Rxd7 Nd4 28. Rxc8+ Rxc8 29. Bxd4 Rc1+ 30. Kh2 Rd1 31. Rb7
Rxd4 32. Nxd4 exd4 33. Rd7 a5 34. f4 d3 35. e5 d2 36. exf6 1-0

[Event "36th Olympiad w"]
[Site "Calvia ESP"]
[Date "2004.10.19"]
[Round "5"]
[White "Cruz,Ev"]
[Black "Mouradian,S"]
[Result "1-0"]
[WhiteElo "2036"]
[BlackElo "2007"]
[EventDate "2004.10.15"]

1. d4 Nf6 2. c4 g6 3. Nc3 Bg7 4. e4 d6 5. Be2 O-O 6. Bg5 Nbd7 7. h4 c5 8.
d5 Ne8 9. Qd2 f5 10. h5 Ne5 11. hxg6 hxg6 12. Bh6 Nf7 13. Bxg7 Kxg7 14. Nf3
e5 15. dxe6 Bxe6 16. O-O-O Nf6 17. Ng5 Nxg5 18. Qxg5 Ng4 19. Qd2 Nxf2 20.
Qh6+ Kf7 21. Qh7+ Ke8 22. Qxg6+ Bf7 23. Qxf5 Nxh1 24. Rxh1 Bxc4 25. Qg6+
Bf7 26. Bb5+ Ke7 27. Rh7 Qa5 28. Qg5+ Ke6 29. Rh6+ 1-0

[Event "36th Olympiad w"]
[Site "Calvia ESP"]
[Date "2004.10.19"]
[Round "5"]
[White "Mira,H"]
[Black "Mudongo,B"]
[Result "1-0"]
[WhiteElo "2158"]
[BlackElo "1978"]
[EventDate "2004.10.15"]

1. Nf3 d5 2. d4 e6 3. c4 Nf6 4. Nc3 Be7 5. Bg5 h6 6. Bh4 O-O 7. e3 b6 8.
cxd5 exd5 9. Bd3 Nbd7 10. O-O Bb7 11. Rc1 c5 12. Re1 Rc8 13. Bf5 Ra8 14.
Bb1 Re8 15. Bg3 Nf8 16. dxc5 Bxc5 17. Be5 Ne4 18. Qb3 Ng5 19. Nxg5 Rxe5 20.
Nf3 Rh5 21. Ne2 Bd6 22. Ned4 Qf6 23. Bd3 Ne6 24. g3 Nxd4 25. exd4 Qxf3 26.
Bh7+ Kxh7 27. Qxf3 Rg5 28. Qxf7 Ba6 29. h4 Rg6 30. Qxd5 Rf6 31. Re3 Rxf2
32. Rd1 1-0

[Event "36th Olympiad w"]
[Site "Calvia ESP"]
[Date "2004.10.19"]
[Round "5"]
[White "Sabure,T"]
[Black "Kopinits,A"]
[Result "0-1"]
[WhiteElo "2075"]
[BlackElo "2114"]
[EventDate "2004.10.15"]

1. d4 Nf6 2. c4 c5 3. d5 b5 4. e3 bxc4 5. Bxc4 g6 6. Nc3 Bg7 7. Nf3 d6 8.
e4 O-O 9. O-O Ba6 10. Bxa6 Nxa6 11. e5 dxe5 12. Nxe5 Nb4 13. Nc6 Nxc6 14.
dxc6 Qb6 15. Na4 Qxc6 16. Be3 Rfd8 17. Qc2 Nd5 18. Bxc5 Nb4 19. Qb3 a5 20.
Rfd1 Nd5 21. Qc4 e6 22. Rac1 Rac8 23. b3 Qb7 24. Qf1 Bh6 25. Rc4 Nf4 26. f3
Nd5 27. Qe2 Qb5 28. Kh1 Re8 29. g3 Rxc5 30. Nxc5 Ne3 31. Rdc1 Nxc4 32. Rxc4
Rc8 33. Ne4 Rxc4 34. bxc4 Qb1+ 35. Kg2 Bg7 36. c5 Bd4 37. c6 Qc1 38. Qb5
Qc2+ 39. Kh3 Bg1 40. Qb8+ Kg7 41. Qe5+ Kf8 42. Qh8+ Ke7 43. Qf6+ Ke8 44.
Ng5 Qxh2+ 45. Kg4 h5+ 46. Kf4 0-1

[Event "36th Olympiad w"]
[Site "Calvia ESP"]
[Date "2004.10.19"]
[Round "5"]
[White "Munoz,Do"]
[Black "Starr,N"]
[Result "0-1"]
[WhiteElo "1979"]
[BlackElo "2191"]
[EventDate "2004.10.15"]

1. e4 g6 2. Nc3 Bg7 3. d3 c6 4. g3 d5 5. exd5 cxd5 6. Bg2 Nf6 7. Nf3 Nc6 8.
Bf4 Bg4 9. h3 Bxf3 10. Bxf3 O-O 11. O-O Rc8 12. a3 e6 13. Re1 Nd4 14. Bg2
Nh5 15. Bd2 Qb6 16. Na4 Qb5 17. c4 dxc4 18. dxc4 Rxc4 19. Bb4 Nc2 20. Bf1
Nxa1 21. Bxc4 Qxc4 22. Bxf8 Bxf8 23. Qxa1 Qxa4 24. b4 Be7 25. Qc1 Qb5 26.
Qc8+ Kg7 27. Qc7 Bf6 28. g4 Qg5 29. Re4 e5 30. Qxb7 Nf4 31. Kh2 h5 32. Re3
hxg4 33. hxg4 Qh4+ 34. Kg1 Nh3+ 35. Rxh3 Qxh3 36. Qxa7 Qxg4+ 37. Kf1 Qd1+
38. Kg2 e4 39. Qe3 Qd3 40. a4 Qxe3 41. fxe3 Bc3 42. b5 Ba5 43. Kg3 f5 0-1

[Event "36th Olympiad w"]
[Site "Calvia ESP"]
[Date "2004.10.19"]
[Round "5"]
[White "Khaziyeva,D"]
[Black "Jose Polanco,Ken"]
[Result "1/2-1/2"]
[WhiteElo "2100"]
[BlackElo "2003"]
[EventDate "2004.10.15"]

1. e4 e6 2. d4 d5 3. Bd3 dxe4 4. Bxe4 Nf6 5. Bf3 Be7 6. Ne2 O-O 7. O-O Nbd7
8. c4 Re8 9. Nbc3 Nf8 10. Ng3 c6 11. Nge4 Nxe4 12. Bxe4 Bf6 13. Be3 Qe7 14.
Qe2 Bd7 15. Rad1 Rad8 16. Bb1 Bc8 17. Ne4 b6 18. c5 bxc5 19. Nxf6+ Qxf6 20.
dxc5 e5 21. Rxd8 Rxd8 22. Rd1 Rxd1+ 23. Qxd1 Bf5 24. h3 Bxb1 25. Qxb1 Ne6
26. Qe4 Nd8 27. f4 Qe6 28. Qxe5 Qxe5 29. fxe5 Kf8 30. Kf2 h6 31. Kf3 Ke7
32. Ke4 Ke6 33. h4 Nb7 34. b4 h5 35. a4 a6 36. g3 g6 37. Kd3 Kd7 38. Kc4
Nd8 39. Bg5 Ne6 40. b5 cxb5+ 41. axb5 axb5+ 42. Kxb5 Nd4+ 43. Kc4 Nc6 44.
Kd5 Nb4+ 45. Kc4 Nc6 46. Bf6 Na5+ 47. Kd5 Nc6 48. Bg7 Nb4+ 49. Kc4 Nc6 50.
Kb5 Nd4+ 51. Kc4 Ne2 52. Kd5 Nxg3 53. c6+ Kc7 54. Bf6 Nf5 55. Bg5 Ng7 56.
Bd2 Nf5 57. Bg5 Ng7 58. Bh6 Ne8 59. Be3 1/2-1/2